00238nam a2200097Ia 4500008004100000100001800041245005200059260000700111942000700118999001500125120527s9999 xx 000 0 und d aOlopade D. O. bProf. Buba Garegy Bajoga. A born Administrator. bUP cBK c5917d5917